000 00862nam a2200265 i 4500
003 DO-SdBNP
005 20250708132245.0
007 ta
008 250702b2025 dr ||||| |||| 00| 0 spa d
020 _a9789945947649
040 _aDO-SdBNP
_bspa
_cBNPHU
_erda
041 _aspa
082 4 _axxxx
_bN964
_222
100 1 _aNúñez Méndez, Maribel,
_eautor
_4aut.
_986992
245 1 0 _aDesde el corazón de un maestro /
_cMaribel Núñez Méndez ; corrección y edición, María Carla Picón
264 4 _aSanto Domingo :
_bDiEditores,
_c©2025.
300 _a123 páginas ;
_c23 cm.
336 _atexto
_btxt
_2rdacontent
337 _asin mediación
_bn
_2rdamedia
338 _avolumen
_bnc
_2rdacarrier
500 _aIncluye datos biografícos del autor en la contracubierta.
590 _aInventariado, 2025/ YL
910 _aYLockward
942 _2ddc
_cLBS1
999 _c59414
_d59414